[Event "La Fere op 11th"]
[Site "La Fere"]
[Date "2012.07.13"]
[Round "8"]
[White "Bardoux, Thierry"]
[Black "Vekemans, Sylvain"]
[Result "1-0"]
[WhiteElo "2157"]
[BlackElo "1779"]
[PlyCount "57"]
[EventDate "2012.07.07"]
[EventType "swiss"]
[EventRounds "9"]
[EventCountry "FRA"]
[SourceTitle "CBM 149 Extra"]
[Source "ChessBase"]
[SourceDate "2012.08.24"]
[SourceVersion "1"]
[SourceVersionDate "2012.08.24"]
[SourceQuality "1"]

1. d4 Nf6 2. Nf3 d5 3. e3 Bg4 4. c4 e6 5. Nbd2 c5 6. Qb3 Qc7 7. Ne5 Bd6 8. Nxg4 Nxg4 9. cxd5 exd5 10. Bb5+ Nc6 11. dxc5 Bxh2 12. Qxd5 0-0 13. Bxc6 bxc6 14. Qf5 Nf6 15. Nf3 Bg3 16. Rh3 Bxf2+ 17. Kxf2 Rfe8 18. Bd2 Rad8 19. Bc3 Ne4+ 20. Kg1 g6 21. Qf4 Qe7 22. Bd4 Rd5 23. Qh4 f6 24. g4 Nxc5 25. Qxf6 Qxf6 26. Bxf6 Rxe3 27. Re1 Rxe1+ 28. Nxe1 Rd1 29. Re3 1-0

[Event "La Fere op 11th"]
[Site "La Fere"]
[Date "2012.07.07"]
[Round "1"]
[White "Brobecker, Alain"]
[Black "Bardoux, Thierry"]
[Result "0-1"]
[WhiteElo "1793"]
[BlackElo "2157"]
[PlyCount "60"]
[EventDate "2012.07.07"]
[EventType "swiss"]
[EventRounds "9"]
[EventCountry "FRA"]
[SourceTitle "CBM 149 Extra"]
[Source "ChessBase"]
[SourceDate "2012.08.24"]
[SourceVersion "1"]
[SourceVersionDate "2012.08.24"]
[SourceQuality "1"]

1. c4 Nf6 2. g3 g6 3. Bg2 Bg7 4. Nc3 0-0 5. Nf3 d6 6. d4 Nc6 7. 0-0 a6 8. e4 Rb8 9. d5 Na5 10. Qd3 c5 11. Bf4 b5 12. b3 Nd7 13. Rab1 bxc4 14. bxc4 Rxb1 15. Rxb1 Nb6 16. Nd2 Qc7 17. Nd1 Bd7 18. Qa3 Na4 19. Bf1 Rb8 20. Nb3 Rb4 21. Qc1 Qb6 22. Nd2 h5 23. Bg5 Kf8 24. Qc2 Nb2 25. a3 Ba4 26. Qc1 Nb3 27. Nxb2 Nxc1 28. Nxa4 Rxb1 29. Nxb6 Rxb6 30. Bh3 Ke8 0-1

[Event "La Fere op 10th"]
[Site "La Fere"]
[Date "2011.07.09"]
[Round "9.7"]
[White "Bardoux, Thierry"]
[Black "Peric, Slavisa"]
[Result "1/2-1/2"]
[WhiteElo "2154"]
[BlackElo "2258"]
[PlyCount "52"]
[EventDate "2011.07.02"]
[EventType "swiss"]
[EventRounds "9"]
[EventCountry "FRA"]
[SourceTitle "EXT 2012"]
[Source "ChessBase"]
[SourceDate "2011.11.24"]
[SourceVersion "1"]
[SourceVersionDate "2011.11.24"]
[SourceQuality "1"]

1. d4 d5 2. Nf3 c5 3. c3 Nf6 4. e3 Nc6 5. Bd3 e6 6. Nbd2 Bd6 7. 0-0 0-0 8. dxc5 Bxc5 9. e4 Qc7 10. Qe2 h6 11. b4 Bb6 12. Bb2 a5 13. b5 Ne5 14. Nxe5 Qxe5 15. Nf3 Qh5 16. e5 Nd7 17. Ba3 Bc5 18. Bc1 f6 19. exf6 Rxf6 20. Be3 Bd6 21. h3 e5 22. Nh2 Qe8 23. Bc2 Nc5 24. Rad1 Be6 25. Bxc5 Bxc5 26. Qxe5 Qxb5 1/2-1/2

[Event "La Fere op 10th"]
[Site "La Fere"]
[Date "2011.07.08"]
[Round "8.11"]
[White "Jean, Robert"]
[Black "Bardoux, Thierry"]
[Result "0-1"]
[WhiteElo "1808"]
[BlackElo "2154"]
[PlyCount "82"]
[EventDate "2011.07.02"]
[EventType "swiss"]
[EventRounds "9"]
[EventCountry "FRA"]
[SourceTitle "EXT 2012"]
[Source "ChessBase"]
[SourceDate "2011.11.24"]
[SourceVersion "1"]
[SourceVersionDate "2011.11.24"]
[SourceQuality "1"]

1. c4 Nf6 2. g3 g6 3. Nc3 Bg7 4. Bg2 0-0 5. e4 d6 6. d4 Nc6 7. Nge2 a6 8. 0-0 Rb8 9. a4 e5 10. d5 Nb4 11. Na2 Nxa2 12. Rxa2 a5 13. Bd2 b6 14. Nc3 Nd7 15. Be3 f5 16. f4 Nf6 17. Kh1 Ng4 18. Bg1 h5 19. h3 exf4 20. gxf4 Nh6 21. Bd4 Bxd4 22. Qxd4 fxe4 23. Nxe4 Qh4 24. Qf2 Nf5 25. Qxh4 Nxh4 26. b3 Bf5 27. Ng3 Rbe8 28. Ne2 Bd3 29. Rf2 Bxe2 30. Raxe2 Rxe2 31. Rxe2 Rxf4 32. Re8+ Kf7 33. Rc8 Rf2 34. Rxc7+ Kf6 35. Be4 Re2 36. Bd3 Re3 37. Bf1 Rxb3 38. Rc6 Ke5 39. Rc8 Kf4 40. Rf8+ Kg3 41. Rf6 Rf3 0-1

[Event "La Fere op 10th"]
[Site "La Fere"]
[Date "2011.07.06"]
[Round "6.4"]
[White "Jerez Perez, Alfonso"]
[Black "Bardoux, Thierry"]
[Result "1-0"]
[WhiteElo "2416"]
[BlackElo "2154"]
[PlyCount "43"]
[EventDate "2011.07.02"]
[EventType "swiss"]
[EventRounds "9"]
[EventCountry "FRA"]
[SourceTitle "EXT 2012"]
[Source "ChessBase"]
[SourceDate "2011.11.24"]
[SourceVersion "1"]
[SourceVersionDate "2011.11.24"]
[SourceQuality "1"]

1. e4 c5 2. c3 d5 3. exd5 Qxd5 4. d4 Nc6 5. Nf3 e6 6. Bd3 Nf6 7. 0-0 Be7 8. c4 Qd8 9. dxc5 0-0 10. Nc3 Bxc5 11. Qe2 Be7 12. Rd1 Qa5 13. Bf4 a6 14. a3 Nd7 15. Bc2 Qh5 16. h3 Bf6 17. Ne4 Be7 18. Ng3 Qa5 19. Rxd7 Bxd7 20. Qd3 g6 21. Qxd7 Bf6 22. Bc7 1-0

[Event "La Fere op 10th"]
[Site "La Fere"]
[Date "2011.07.05"]
[Round "5.11"]
[White "Dumas, Victor"]
[Black "Bardoux, Thierry"]
[Result "0-1"]
[WhiteElo "1929"]
[BlackElo "2154"]
[PlyCount "56"]
[EventDate "2011.07.02"]
[EventType "swiss"]
[EventRounds "9"]
[EventCountry "FRA"]
[SourceTitle "EXT 2012"]
[Source "ChessBase"]
[SourceDate "2011.11.24"]
[SourceVersion "1"]
[SourceVersionDate "2011.11.24"]
[SourceQuality "1"]

1. e4 c5 2. d4 e6 3. Nf3 cxd4 4. c3 Nf6 5. e5 Nd5 6. cxd4 b6 7. Nc3 Bb7 8. Bd2 Be7 9. Bd3 0-0 10. 0-0 h6 11. Rc1 d6 12. Re1 Nd7 13. Bb1 Re8 14. Qe2 dxe5 15. Nxe5 Nxc3 16. Rxc3 Nxe5 17. dxe5 Bg5 18. Rd3 Bd5 19. Bxg5 Qxg5 20. Rg3 Qh4 21. Rg4 Qe7 22. Qd2 Kh8 23. Re3 Rad8 24. Rxg7 Be4 25. Bxe4 Rxd2 26. Rh7+ Kg8 27. Rg3+ Qg5 28. f4 Qxg3 0-1

[Event "La Fere op"]
[Site "La Fere"]
[Date "2010.07.08"]
[Round "7"]
[White "Lucas, Bernard"]
[Black "Bardoux, Thierry"]
[Result "0-1"]
[WhiteElo "1674"]
[BlackElo "2162"]
[PlyCount "80"]
[EventDate "2010.07.03"]
[EventType "swiss"]
[EventRounds "9"]
[EventCountry "FRA"]
[SourceTitle "CBM 137 Extra"]
[Source "ChessBase"]
[SourceDate "2010.09.01"]
[SourceVersion "1"]
[SourceVersionDate "2010.09.01"]
[SourceQuality "1"]

1. d4 Nf6 2. c4 g6 3. Nc3 Bg7 4. Bf4 0-0 5. e3 d6 6. Nf3 c6 7. Be2 Nbd7 8. 0-0 Re8 9. Bg3 h6 10. Rc1 e5 11. dxe5 dxe5 12. Nxe5 Nc5 13. Nf3 Nfe4 14. Nxe4 Nxe4 15. Qxd8 Rxd8 16. Be5 Nd2 17. Bxg7 Kxg7 18. Rfd1 Nxf3+ 19. Bxf3 Be6 20. b3 Kf6 21. Kf1 Ke7 22. Rxd8 Rxd8 23. Rd1 Rxd1+ 24. Bxd1 Kd6 25. Bc2 Kc5 26. a3 a5 27. a4 Kb4 28. Ke2 Kc3 29. Kd1 g5 30. f3 f6 31. e4 h5 32. h3 h4 33. Kc1 Bd7 34. Kd1 Be8 35. Kc1 b5 36. axb5 cxb5 37. c5 Kb4 38. Kd2 Kxc5 39. Ke3 a4 40. bxa4 bxa4 0-1

[Event "La Fere op"]
[Site "La Fere"]
[Date "2010.07.07"]
[Round "6"]
[White "Bardoux, Thierry"]
[Black "Gaubert, Virginie"]
[Result "1/2-1/2"]
[WhiteElo "2162"]
[BlackElo "1642"]
[PlyCount "74"]
[EventDate "2010.07.03"]
[EventType "swiss"]
[EventRounds "9"]
[EventCountry "FRA"]
[SourceTitle "CBM 137 Extra"]
[Source "ChessBase"]
[SourceDate "2010.09.01"]
[SourceVersion "1"]
[SourceVersionDate "2010.09.01"]
[SourceQuality "1"]

1. d4 Nf6 2. Nf3 c5 3. d5 e6 4. c4 exd5 5. cxd5 d6 6. Nc3 g6 7. e4 Bg7 8. Be2 0-0 9. 0-0 a6 10. a4 Bg4 11. Nd2 Bxe2 12. Qxe2 Nbd7 13. f4 Re8 14. Re1 Rb8 15. Qd3 b5 16. axb5 axb5 17. Ra6 Nb6 18. Nxb5 Nfxd5 19. Qb3 Rb7 20. Nf3 Nb4 21. Ra1 Qd7 22. Na3 Nc8 23. Nc4 Nc6 24. Qd1 Rb4 25. Ra4 Qe6 26. Rxb4 Nxb4 27. b3 Nc6 28. Bb2 Bxb2 29. Nxb2 Qf6 30. Nd3 Qc3 31. Qd2 Qxd2 32. Nxd2 Nd4 33. Kf2 Kg7 34. e5 Nxb3 35. Nxb3 c4 36. Nbc1 cxd3 37. Nxd3 dxe5 1/2-1/2

[Event "Cappelle op 24th"]
[Site "Cappelle la Grande"]
[Date "2008.02.22"]
[Round "8"]
[White "Yandemirov, Valeri"]
[Black "Bardoux, Thierry"]
[Result "1-0"]
[WhiteElo "2461"]
[BlackElo "2179"]
[PlyCount "57"]
[EventDate "2008.02.16"]
[EventType "swiss"]
[EventRounds "9"]
[EventCountry "FRA"]
[SourceTitle "CBM 122 Extra"]
[Source "ChessBase"]
[SourceDate "2008.03.04"]
[SourceVersion "1"]
[SourceVersionDate "2008.03.04"]
[SourceQuality "1"]

1. e4 c5 2. Nf3 e6 3. c4 Nc6 4. Nc3 d6 5. d4 cxd4 6. Nxd4 Be7 7. Be2 Nf6 8. 0-0 0-0 9. Be3 a6 10. Qd2 Bd7 11. Rac1 Nxd4 12. Bxd4 Bc6 13. f3 Re8 14. Rfd1 Rc8 15. b4 b6 16. a3 Bb7 17. Bf1 Nd7 18. Be3 Qc7 19. Qf2 Rb8 20. Qg3 Red8 21. Nd5 exd5 22. cxd5 Nc5 23. bxc5 bxc5 24. Bxc5 Qd7 25. Bd4 g6 26. Qf2 Rdc8 27. Rb1 h5 28. Qd2 Kh7 29. Qb4 1-0

[Event "La Fere op 5th"]
[Site "La Fere"]
[Date "2006.07.12"]
[Round "7"]
[White "Nicolas, Aurelien"]
[Black "Bardoux, Thierry"]
[Result "0-1"]
[WhiteElo "1824"]
[BlackElo "2175"]
[PlyCount "98"]
[EventDate "2006.07.08"]
[EventType "swiss"]
[EventRounds "9"]
[EventCountry "FRA"]
[SourceTitle "CBM 113 Extra"]
[Source "ChessBase"]
[SourceDate "2006.09.14"]
[SourceVersion "1"]
[SourceVersionDate "2006.09.14"]
[SourceQuality "1"]

1. e4 c5 2. Nf3 d6 3. d4 cxd4 4. Nxd4 Nf6 5. Nc3 a6 6. Bg5 e6 7. f4 Qc7 8. Bd3 b5 9. f5 b4 10. Nce2 e5 11. Nf3 Nbd7 12. Ng3 Bb7 13. Qe2 Be7 14. Rd1 0-0 15. 0-0 Rfe8 16. Bc4 Rac8 17. Bb3 Nc5 18. Nd2 Nxb3 19. cxb3 h6 20. Bxf6 Bxf6 21. Nh5 Qe7 22. Nc4 Red8 23. Qg4 Kh7 24. Rf3 d5 25. exd5 Bxd5 26. Rfd3 Bxc4 27. bxc4 Rxd3 28. Rxd3 Qc5+ 29. Kf1 Qxc4 30. Qxc4 Rxc4 31. Nxf6+ gxf6 32. Ke2 Kg7 33. Rd6 a5 34. Rd5 Rc2+ 35. Rd2 Rc5 36. Ke3 h5 37. h4 Rc4 38. g3 Kf8 39. Rd5 a4 40. Rb5 a3 41. bxa3 Rc3+ 42. Kf2 bxa3 43. Rb7 Rc2+ 44. Kf1 Rxa2 45. Ra7 Ra1+ 46. Kf2 a2 47. Kg2 e4 48. Ra3 e3 49. Rxe3 Rb1 0-1

[Event "La Fere op 5th"]
[Site "La Fere"]
[Date "2006.07.10"]
[Round "4"]
[White "Maupin, Valerie"]
[Black "Bardoux, Thierry"]
[Result "1-0"]
[WhiteElo "2007"]
[BlackElo "2175"]
[PlyCount "61"]
[EventDate "2006.07.08"]
[EventType "swiss"]
[EventRounds "9"]
[EventCountry "FRA"]
[SourceTitle "CBM 113 Extra"]
[Source "ChessBase"]
[SourceDate "2006.09.14"]
[SourceVersion "1"]
[SourceVersionDate "2006.09.14"]
[SourceQuality "1"]

1. d4 Nf6 2. c4 d6 3. Nc3 g6 4. e4 Bg7 5. f4 0-0 6. Nf3 c5 7. d5 e6 8. Be2 exd5 9. cxd5 Re8 10. e5 dxe5 11. fxe5 Ng4 12. Bg5 Qb6 13. 0-0 Nxe5 14. Nxe5 Bxe5 15. Bc4 Qb4 16. Qf3 f5 17. Qd3 Kh8 18. Rfe1 Nd7 19. Nb5 Bd4+ 20. Kf1 Ne5 21. Bf6+ Kg8 22. Bxe5 Bxe5 23. Nc7 Bd7 24. d6+ Kh8 25. Nxa8 b5 26. Bf7 Rf8 27. Bd5 Bxd6 28. Bf3 Qf4 29. Rad1 Rf6 30. Nc7 Qxh2 31. Qc3 1-0

[Event "Brno op"]
[Site "Brno"]
[Date "2005.07.07"]
[Round "6"]
[White "Bardoux, Thierry"]
[Black "Navarrete Delgado, Sergio"]
[Result "1/2-1/2"]
[WhiteElo "2181"]
[BlackElo "2211"]
[PlyCount "84"]
[EventDate "2005.07.02"]
[EventType "swiss"]
[EventRounds "7"]
[EventCountry "CZE"]
[SourceTitle "EXT 2006"]
[Source "ChessBase"]
[SourceDate "2005.11.24"]
[SourceVersion "1"]
[SourceVersionDate "2005.11.24"]
[SourceQuality "1"]

1. d4 Nf6 2. Nf3 c5 3. e3 d5 4. c3 Nc6 5. Bd3 Qc7 6. Nbd2 e6 7. 0-0 Bd6 8. dxc5 Bxc5 9. e4 Bd7 10. exd5 Nxd5 11. Ne4 Be7 12. Re1 b6 13. a3 f5 14. Ng3 0-0-0 15. c4 Nf6 16. b4 e5 17. Nxf5 e4 18. Nxe7+ Nxe7 19. Bxe4 Nxe4 20. Rxe4 Bf5 21. Rd4 Rxd4 22. Nxd4 Qe5 23. Be3 Rd8 24. Qd2 Bg4 25. f3 Nf5 26. fxg4 Qxe3+ 27. Qxe3 Nxe3 28. Nf5 Nxg4 29. Nxg7 Ne3 30. c5 Rd2 31. g3 Rg2+ 32. Kh1 Re2 33. Nh5 Ng4 34. h3 Nh2 35. Nf4 Rb2 36. Ng2 Nf3 37. Rf1 Rb3 38. a4 Ng5 39. b5 Rxg3 40. Nf4 Rc3 41. h4 Ne4 42. Re1 Nxc5 1/2-1/2

[Event "Brno op"]
[Site "Brno"]
[Date "2005.07.06"]
[Round "5"]
[White "Vyskocil, Neklan"]
[Black "Bardoux, Thierry"]
[Result "1/2-1/2"]
[WhiteElo "2327"]
[BlackElo "2181"]
[PlyCount "39"]
[EventDate "2005.07.02"]
[EventType "swiss"]
[EventRounds "7"]
[EventCountry "CZE"]
[SourceTitle "EXT 2006"]
[Source "ChessBase"]
[SourceDate "2005.11.24"]
[SourceVersion "1"]
[SourceVersionDate "2005.11.24"]
[SourceQuality "1"]

1. e4 c5 2. Nf3 d6 3. d4 cxd4 4. Nxd4 Nf6 5. Nc3 a6 6. g3 e5 7. Nde2 Be6 8. Bg2 Be7 9. 0-0 0-0 10. Nd5 Nxd5 11. exd5 Bg4 12. h3 Bxe2 13. Qxe2 Nd7 14. c4 Rc8 15. Be3 Bg5 16. Rac1 Bxe3 17. Qxe3 a5 18. b3 f5 19. f4 b6 20. Rf2 1/2-1/2

[Event "FRA-chT4 0304"]
[Site "Champagne Ardenne"]
[Date "2003.10.12"]
[Round "1"]
[White "Bardoux, Thierry"]
[Black "Sohier, Renaud"]
[Result "1-0"]
[WhiteElo "2124"]
[BlackElo "1950"]
[PlyCount "101"]
[EventDate "2003.10.??"]
[EventRounds "6"]
[EventCountry "FRA"]
[SourceTitle "EXT 2005"]
[Source "ChessBase"]
[SourceDate "2004.11.15"]
[SourceVersion "1"]
[SourceVersionDate "2004.11.15"]
[SourceQuality "1"]

1. d4 d5 2. Nf3 Nf6 3. e3 e6 4. Bd3 Nbd7 5. 0-0 c5 6. b3 Qc7 7. Nbd2 Bd6 8. Bb2 cxd4 9. exd4 0-0 10. Re1 Re8 11. Ne5 b6 12. Rc1 Bb7 13. f4 Ne4 14. Nxe4 dxe4 15. Bxe4 Bxe4 16. Rxe4 Nf6 17. Re2 Nd5 18. g3 f6 19. Nd3 Nc3 20. Bxc3 Qxc3 21. Nf2 Ba3 22. Ne4 Qa5 23. Rb1 Rad8 24. c4 f5 25. Ng5 Rxd4 26. Qc2 Qc5 27. Kg2 Qc6+ 28. Nf3 Red8 29. Rf1 Bb4 30. Kh3 g5 31. fxg5 Re4 32. Rxe4 fxe4 33. Ne5 Qb7 34. Rf7 Rd2 35. Qxd2 Qxf7 36. Qxb4 Qh5+ 37. Kg2 Qe2+ 38. Kg1 Qd1+ 39. Kf2 Qd4+ 40. Ke2 Qxe5 41. Qd2 Kg7 42. Qd7+ Kg6 43. Qe7 Qb2+ 44. Ke3 Qc1+ 45. Kxe4 Qe1+ 46. Kf4 Qf2+ 47. Ke5 Qe3+ 48. Kd6 Qd4+ 49. Kxe6 Qe4+ 50. Kd6 Qa8 51. Ke5 1-0

[Event "FRA-chT4 0001"]
[Site "Champagne Ardenne"]
[Date "2000.11.19"]
[Round "2"]
[White "Bardoux, Thierry"]
[Black "Vilpoux, Jeremie"]
[Result "1-0"]
[WhiteElo "2110"]
[BlackElo "2101"]
[PlyCount "31"]
[EventDate "2001.10.??"]
[EventType "team"]
[EventRounds "7"]
[EventCountry "FRA"]
[SourceTitle "EXT 2005"]
[Source "ChessBase"]
[SourceDate "2004.11.15"]
[SourceVersion "1"]
[SourceVersionDate "2004.11.15"]
[SourceQuality "1"]

1. d4 g6 2. Nf3 Bg7 3. Nc3 d6 4. e4 Nd7 5. Bc4 e6 6. 0-0 a6 7. a4 b6 8. Bg5 Ne7 9. e5 d5 10. Bxd5 exd5 11. Nxd5 Bf8 12. Qe2 h6 13. e6 hxg5 14. Nxg5 f5 15. exd7+ Kxd7 16. Qe6+ 1-0

[Event "FRA-chT4 0001"]
[Site "Champagne Ardenne"]
[Date "2000.10.15"]
[Round "1"]
[White "Lefhaili, David"]
[Black "Bardoux, Thierry"]
[Result "1-0"]
[WhiteElo "2100"]
[BlackElo "2110"]
[PlyCount "72"]
[EventDate "2001.10.??"]
[EventType "team"]
[EventRounds "7"]
[EventCountry "FRA"]
[SourceTitle "EXT 2005"]
[Source "ChessBase"]
[SourceDate "2004.11.15"]
[SourceVersion "1"]
[SourceVersionDate "2004.11.15"]
[SourceQuality "1"]

1. d4 Nf6 2. Nf3 g6 3. g3 Bg7 4. Bg2 c5 5. c4 0-0 6. 0-0 cxd4 7. Nxd4 Nc6 8. Nc2 d6 9. Nc3 Na5 10. b3 Rb8 11. Bb2 Re8 12. Qd2 a6 13. Nd4 Bd7 14. Nd5 Nc6 15. Nxf6+ Bxf6 16. Nxc6 Bxc6 17. Bxf6 Bxg2 18. Kxg2 exf6 19. e3 Re6 20. Rfd1 Qe7 21. Rac1 g5 22. Rc3 Rc8 23. Rd3 Rc6 24. Rd5 Kg7 25. Qd3 h5 26. h4 Re5 27. Rxd6 g4 28. Rxc6 bxc6 29. Qd6 Qb7 30. Qd7 Qa8 31. Qd8 Qa7 32. Rd7 Qc5 33. Rc7 Re6 34. Rc8 Re7 35. Qh8+ Kg6 36. Rg8+ Kf5 1-0